| 000 | 00359nam a2200133Ia 4500 | ||
|---|---|---|---|
| 008 | 200103s9999||||xx |||||||||||||| ||und|| | ||
| 040 | _aIMU-MPC | ||
| 082 | _aColumn-29 | ||
| 100 | _aZemansky, Mark W. and Dittman, Richard H. | ||
| 245 | 0 | _aBasic Engineering Thermodynamics | |
| 260 |
_bMcGraw-Hill Book Company, Inc. _c1966 |
||
| 300 | _axi, 380 | ||
| 942 | _cBK | ||
| 999 |
_c7297 _d7297 |
||